00513nam a2200181 a 450000100060000000300090000600800410001502000150005604000280007108200180009910000290011724500470014626000410019330000110023449000350024565000230028065000280030317636CO-ViMGA141112s2004 ck r 000 u spa d a8432985317 aCO-ViMGAbspacCO-ViMGA04a745.5928 L6731 aLorente, Victorio Javier10aCasas en miniatura con elementos naturales aBarcelona (España), cCeac, c1996 a139.p. aEnciclopedia de las artesanias14aCASAS EN MINIATURA14aMINIATURAS - ARTESANIAS